000 00874nam a2200217Ia 4500
003 GCL
008 140319s9999 xx 000 0 ara d
040 _aGCL /
_cGCL
082 0 4 _aم
_b925.03
_bا م
100 1 _aابن الابار : ابوعبدالله محمد بن عبدالله بن ابى بكر
245 1 0 _aالعجم فى اصحاب القاضى الامام ابى على الصدفى /
_cابن الابار : ابوعبدالله محمد بن عبدالله بن ابى بكر
260 _a[S.N] :
_bدار الكاتب العربى للطباعة والنشر ،
_c1967
300 _a336 ص
490 _aالدين الخالص
_v0
650 0 4 _aالعلماء
650 0 4 _aالمعاجم
650 0 4 _aالعلماء العرب
650 0 4 _aالائمة والاولياء
650 0 4 _aالعلماء الاندلسين
942 _2ddc
_cREF
999 _c59487
_d59487